Statistiques concernant Les noms d'oiseaux par lettres -A

Cliquez ici pour prendre le quiz!

Statistiques générales

  • Ce quiz a été pris 151 fois
  • Le résultat moyen est 9 sur 50

Statistiques - réponses

Réponse% Correct
Autruche
100%
Aigle
98%
Ara
94%
Albatros
78%
Aigrette
67%
Alouette
62%
Avocette
45%
Autour
44%
Accenteur
38%
Amazone
27%
Araçari
25%
Arlequin
22%
Agami
19%
Araponga
19%
Argus
19%
Arianne
19%
Ani
16%
Astrild
16%
Alapi
14%
Anabate
14%
Attila
12%
Aulia
11%
Araguira
7%
Ada
5%
Agrobate
4%
Ammomane
4%
Alecto
2%
Anabasitte
2%
Acanthize
1%
Alcin
1%
Annumbi
1%
Antriade
1%
Attagi
1%
Alauahio
0%
Alèthe
0%
Allotrie
0%
Amakihi
0%
Amarante
0%
Amblyospize
0%
Amphilaïs
0%
Amytis
0%
Anaplecte
0%
Androphobe
0%
Anomalospize
0%
Apalis
0%
Apôtre
0%
Arachnothère
0%
Arrenga
0%
Atrichorne
0%
Auripare
0%

Distribution des résultats

Percentile par nombre de réponses

% des personnes avec chaque résultat

Votre développement - résultats

Vous n’avez pas pris ce quiz